Ochrana intelektuálnych vlastníckych práv v akademickom sektore

Spôsoby ochrany duševného vlastníctva. Akademický sektor a ochrana práv duševného vlastníctva - výsledky výskumu na vzorke 99 respondentov z krajín strednej a východnej Európy v období 2017-2018.

Saved in:
Bibliographic Details
Main Author: Čaplánová, Anetta, 1967-
Format: Book Chapter
Language:Slovak
Subjects:
Tags: Add Tag
No Tags, Be the first to tag this record!

MARC

LEADER 00000naa$a2200000$$$4500
001 0249867
005 20240502074010.9
041 0 |a slo 
044 |a SK 
245 1 0 |a Ochrana intelektuálnych vlastníckych práv v akademickom sektore  |c Anetta Čaplánová 
520 |a Spôsoby ochrany duševného vlastníctva. Akademický sektor a ochrana práv duševného vlastníctva - výsledky výskumu na vzorke 99 respondentov z krajín strednej a východnej Európy v období 2017-2018. 
610 2 0 |a právo vlastnícke 
610 2 0 |a ochrana vlastníctva 
610 2 0 |a ochrana autorstva 
610 2 0 |a vlastníctvo duševné 
610 2 0 |a kapitál intelektuálny 
610 2 0 |a pracovníci vedeckí 
610 2 0 |a stredná Európa 
610 2 0 |a východná Európa 
100 1 |a Čaplánová, Anetta, 1967-